| 000 | 01803nam a2200457Ii 4500 | ||
|---|---|---|---|
| 001 | DIGEUDE250 | ||
| 003 | NyNyDIG | ||
| 006 | m o d | ||
| 007 | cr ||||||||||| | ||
| 008 | 230708s2021 ag ob 000 0 spa d | ||
| 035 | _a(OCoLC)1390760735 | ||
| 040 |
_aDGITA _beng _erda _epn _cDGITA |
||
| 020 |
_a9789502331843 _qedición digital (ePub) |
||
| 020 | _z9789502331447 | ||
| 043 | _as-ag--- | ||
| 050 | 1 | 4 | _aKHA2926 ebook |
| 245 | 0 | 0 |
_aHacia una representación política inclusiva / _cMaría Alejandra Perícola (directora) ; Santiago Lauhirat, Gonzalo Joaquín Linares (compiladores). |
| 250 | _aPrimera edición. | ||
| 264 | 1 |
_aCiudad de Buenos Aires : _bEudeba, _c[2021] |
|
| 300 | _a1 online resource. | ||
| 336 |
_atext _btxt _2rdacontent |
||
| 337 |
_acomputer _bc _2rdamedia |
||
| 338 |
_aonline resource _bcr _2rdacarrier |
||
| 347 |
_atext file _2rdaft |
||
| 347 | _bEPUB | ||
| 490 | 1 | _aDerecho | |
| 504 | _aIncludes bibliographical references. | ||
| 588 | 0 | _aOnline resource; title from ePub title page (Digitalia, viewed July 8, 2023) | |
| 650 | 0 |
_aRepresentative government and representation _zArgentina. |
|
| 650 | 0 |
_aConstitutional law _zArgentina. |
|
| 700 | 1 |
_aPerícola, María Alejandra, _eeditor. |
|
| 700 | 1 |
_aLauhirat, Santiago, _ecompiler. |
|
| 700 | 1 |
_aLinares, Gonzalo Joaquín, _ecompiler. |
|
| 791 | 2 |
_aDigitalia (Firm), _edistributor. |
|
| 793 | 0 |
_gDigitalia eBook Collection: _aEudeba |
|
| 776 | 0 | 8 |
_iPrint version: _tHacia una representación política inclusiva. _b1o edición. _dCiudad de Buenos Aires : Eudeba, [2021] _z9789502331447 |
| 830 | 0 | _aDerecho (Editorial Universitaria de Buenos Aires) | |
| 856 | 4 | 0 |
_3Digitalia Hispánica _uhttps://www.digitaliapublishing.com/a/128432/ |
| 910 | _aPremium collection: 2023 | ||
| 942 | _cRAA | ||
| 999 |
_c279504 _d279504 |
||